| 000 | 00928nam a2200241 i 4500 | ||
|---|---|---|---|
| 005 | 20220317002042.0 | ||
| 007 | ta | ||
| 008 | 201119s2019 ck ao j 000 0 spa d | ||
| 020 | _a9789585979550 | ||
| 040 |
_aCO-BoRNBP _bspa _erda _cCO-BoRNBP |
||
| 082 | 0 | 4 |
_a796.8123 _bA77a _222 |
| 245 | 0 | 3 |
_aEl arte de la máscara, carteles - luchadores - combates _bla lucha libre en Bogotá 1970-2000 _cPrólogo por El Psicodélico |
| 250 | _aPrimera edición | ||
| 264 | 1 |
_aBogotá _bCaballito de acero _c2019 |
|
| 300 |
_a175 páginas _bilustraciones, fotografías _c27 cm |
||
| 336 |
_2rdacontent _atexto _btxt |
||
| 337 |
_2rdamedia _asin mediación _bn |
||
| 338 |
_2rdacarrier _avolumen _bnc |
||
| 521 | _aRecomendado para un público mayor de 15 años | ||
| 650 | 1 | 7 |
_aLucha libre _xHistoria _zBogotá _y1970-2000 _vFotografías _2LEMB |
| 650 | 1 | 7 |
_aDeportes de lucha _xHistoria _yBogotá _z1970-2000 _vFotografías _2LEMB |
| 942 |
_2ddc _cBK |
||
| 999 |
_c9023 _d9023 |
||